[Event "Oberliga Nord O 9596"]
[Site "GER"]
[Date "1996.??.??"]
[Round "?"]
[White "Sprotte, Norbert"]
[Black "Kern, Johannes"]
[Result "1/2-1/2"]
[WhiteElo "2235"]
[BlackElo "2275"]
[PlyCount "105"]
[EventDate "1995.10.??"]
[Source "www.chesslib.no"]
[SourceDate "2004.05.04"]

1. d4 Nf6 2. Nc3 d5 3. Bg5 Bf5 4. f3 c6 5. Bxf6 gxf6 6. e4 dxe4 7. fxe4 Bg6 8. Nf3 Qb6 9. Rb1 a5 10. Be2 Nd7 11. O-O Rd8 12. Kh1 Bh5 13. Nh4 Bxe2 14. Nxe2 Ne5 15. Qe1 Ng4 16. Qg3 Rg8 17. h3 Nh6 18. Qf4 Qb5 19. Nc3 Qg5 20. Rbd1 e6 21. Qxf6 Qxf6 22. Rxf6 Bg7 23. Rf3 Rxd4 24. Rfd3 Rxd3 25. Rxd3 Ke7 26. g4 Rd8 27. Rxd8 Kxd8 28. Nd1 Kd7 29. Kg2 Kd6 30. Kf3 Ng8 31. Ng2 Ne7 32. Nf4 Ng6 33. Nxg6 fxg6 34. g5 b5 35. Ke3 c5 36. c4 bxc4 37. a4 h6 38. h4 hxg5 39. hxg5 Bd4+ 40. Kf4 Be5+ 41. Kf3 c3 42. bxc3 c4 43. Ke3 Kc5 44. Kf3 Bxc3 45. Nxc3 Kb4 46. Ne2 e5 47. Ke3 Kxa4 48. Kd2 Kb3 49. Nc3 Kb2 50. Na4+ Ka3 51. Nc5 Kb2 52. Na4+ Ka3 53. Nc5 1/2-1/2

[Event "Helsinki-ch 0001"]
[Site "?"]
[Date "2000.??.??"]
[Round "4"]
[White "Manninen Marko"]
[Black "Liitiainen Elia"]
[Result "1-0"]
[WhiteElo "2428"]
[BlackElo "2081"]
[PlyCount "65"]
[EventDate "2000.??.??"]
[Source "www.chesslib.no"]
[SourceDate "2004.05.04"]

1. d4 d5 2. Nc3 Nf6 3. Bg5 Bf5 4. f3 Nbd7 5. a3 c6 6. Qd2 e6 7. e3 Qc7 8. Bd3 Bxd3 9. cxd3 Bd6 10. f4 h6 11. Bxf6 gxf6 12. Nge2 O-O-O 13. Rc1 Qb6 14. b4 Kb8 15. Na4 Qa6 16. Nc5 Nxc5 17. dxc5 Bc7 18. O-O h5 19. a4 Rdg8 20. Ra1 b6 21. Nd4 bxc5 22. b5 Qb7 23. Nxc6+ Ka8 24. Ra2 Rh7 25. Kh1 Rhg7 26. Qc3 f5 27. Qxc5 f6 28. a5 Bb8 29. a6 Qc7 30. Rb1 Rc8 31. b6 axb6 32. a7 Bxa7 33. Rxb6 1-0

[Event "Oberliga Ost-B 9900"]
[Site "?"]
[Date "2000.03.12"]
[Round "9.4"]
[White "Bletz Harald"]
[Black "Nagel Bernhard"]
[Result "1/2-1/2"]
[WhiteElo "2290"]
[BlackElo "2216"]
[PlyCount "89"]
[EventDate "2000.??.??"]
[Source "www.chesslib.no"]
[SourceDate "2004.05.04"]

1. d4 Nf6 2. Bg5 d5 3. Nc3 Bf5 4. f3 Nbd7 5. Qd2 h6 6. Bh4 c6 7. O-O-O Qa5 8. e4 Bh7 9. Kb1 e6 10. Nxd5 Qd8 11. Nxf6+ Nxf6 12. Ne2 Nxe4 13. Qe1 Nf6 14. Nc3 Bb4 15. a3 Be7 16. Bd3 Bxd3 17. Rxd3 Nd5 18. Bxe7 Qxe7 19. Qe5 Nxc3+ 20. Rxc3 O-O 21. f4 Rad8 22. Rg3 f6 23. Qe4 f5 24. Qe3 Qf6 25. c3 Kf7 26. Qe2 g6 27. Re3 Rd6 28. Re1 Re8 29. Qc4 a6 30. Rh3 Kg7 31. Qb4 Rd7 32. Rhe3 Kf7 33. Re5 Qh4 34. Qb3 Rde7 35. g3 Qxh2 36. c4 Qg2 37. R5e2 Qh3 38. d5 exd5 39. Rxe7+ Rxe7 40. Rxe7+ Kxe7 41. Qxb7+ Kd8 42. Qb8+ Kd7 43. Qb7+ Kd8 44. Qb8+ Kd7 45. Qb7+ 1/2-1/2

[Event "Thessaloniki ol women"]
[Site "Thessaloniki GRE"]
[Date "1984.11.20"]
[Round "2"]
[White "Garwell, Jane"]
[Black "Cramling, Pia"]
[Result "1/2-1/2"]
[WhiteElo "2100"]
[BlackElo "2405"]
[PlyCount "86"]
[EventDate "1984.11.19"]
[Source "www.chesslib.no"]
[SourceDate "2004.05.04"]

1. d4 Nf6 2. Nc3 d5 3. Bg5 Bf5 4. f3 Bg6 5. Nh3 e6 6. Nf4 Bd6 7. Qd2 c6 8. Nxg6 hxg6 9. e4 Be7 10. Be2 Nbd7 11. Be3 dxe4 12. fxe4 Bb4 13. Qd3 e5 14. a3 Bd6 15. O-O-O exd4 16. Bxd4 Ne5 17. Bxe5 Bxe5 18. Qc4 Qa5 19. Rd3 Rxh2 20. Rxh2 Bxh2 21. Kb1 Be5 22. Rh3 Ke7 23. g4 g5 24. Rd3 Qc7 25. Nd1 Nd7 26. Ne3 g6 27. Nd1 Kf8 28. Rf3 Nb6 29. Qc5+ Kg7 30. Bc4 Bf4 31. Qd4+ f6 32. Bb3 Rh8 33. Ka2 Qe5 34. Qb4 Rh4 35. Rd3 c5 36. Qb5 Qe7 37. Nc3 Rh8 38. Nd5 Nxd5 39. Rxd5 Bd6 40. Bc4 Qc7 41. Qb3 Qe7 42. Qd3 Rd8 43. a4 Qc7 1/2-1/2

[Event "POL Team Ch"]
[Site "Porabka"]
[Date "1986.??.??"]
[Round "?"]
[White "Lipski, Tadeusz"]
[Black "Kujawski, Ryszard"]
[Result "1/2-1/2"]
[WhiteElo "2275"]
[BlackElo "2225"]
[PlyCount "33"]
[EventDate "1986.??.??"]
[Source "www.chesslib.no"]
[SourceDate "2004.05.04"]

1. d4 Nf6 2. Nc3 d5 3. Bg5 Bf5 4. f3 Nbd7 5. Nxd5 Nxd5 6. e4 h6 7. Bh4 Ne3 8. Qe2 Nxf1 9. exf5 Nb6 10. Qb5+ c6 11. Qd3 Nxh2 12. Rxh2 Qd6 13. Rh1 Qd5 14. Ne2 O-O-O 15. a3 Rd7 16. O-O-O e6 17. fxe6 1/2-1/2

[Event "BL2-O9697"]
[Site "Germany"]
[Date "1997.??.??"]
[Round "?"]
[White "Mirschinka, Dirk"]
[Black "Doeres, Hans Juergen"]
[Result "0-1"]
[WhiteElo "2265"]
[BlackElo "2235"]
[PlyCount "76"]
[EventDate "1996.10.??"]
[Source "www.chesslib.no"]
[SourceDate "2004.05.04"]

1. d4 Nf6 2. Nc3 d5 3. Bg5 Bf5 4. f3 c5 5. e4 cxd4 6. exf5 dxc3 7. bxc3 Qc7 8. Bb5+ Nbd7 9. Ne2 e6 10. fxe6 fxe6 11. Qd2 Bc5 12. Be3 O-O 13. Bxd7 Nxd7 14. Bxc5 Qxc5 15. Qd4 Rac8 16. Rb1 b6 17. Qxc5 Rxc5 18. Kd2 Ra5 19. Nd4 Kf7 20. Rhe1 Nc5 21. Nb3 Rxa2 22. Nxc5 bxc5 23. Rb7+ Kf6 24. g4 Ra6 25. c4 Rf7 26. Rb5 Rc6 27. f4 Rd7 28. cxd5 Rxd5+ 29. Ke3 Rd4 30. Ra1 Rc7 31. c3 Rd6 32. Rba5 c4 33. Rxa7 Rxa7 34. Rxa7 Rd3+ 35. Ke4 Rxc3 36. Ra6 Rc1 37. f5 Re1+ 38. Kd4 g6 0-1

[Event "BL2-N 8889"]
[Site "GER"]
[Date "1989.??.??"]
[Round "?"]
[White "Ehrke, Michael"]
[Black "Holzapfel, Daniel"]
[Result "1-0"]
[WhiteElo "2225"]
[BlackElo "2275"]
[PlyCount "101"]
[EventDate "1988.10.??"]
[Source "www.chesslib.no"]
[SourceDate "2004.05.04"]

1. d4 Nf6 2. Nc3 d5 3. Bg5 Bf5 4. f3 Nbd7 5. Qd2 e6 6. e3 Be7 7. g4 Bg6 8. Bf4 a6 9. h4 h6 10. Bd3 Bxd3 11. Qxd3 c5 12. Nge2 Qa5 13. a3 Rc8 14. Kf2 cxd4 15. exd4 Qb6 16. Kg2 g6 17. Rae1 Qc6 18. Qe3 h5 19. g5 Nh7 20. Na2 a5 21. c3 Qb5 22. Nac1 Qxb2 23. Nd3 Qb6 24. a4 O-O 25. Rb1 Qc6 26. Rb5 b6 27. Rhb1 Rfe8 28. R1b3 Nhf8 29. Be5 Qc4 30. Nb2 Qc6 31. Nd3 Qc4 32. Nb2 Qc6 33. Nd3 Bd8 34. Qf4 Qc4 35. Qe3 Qc6 36. Bg3 Qc4 37. Bd6 Qc6 38. Ba3 Be7 39. Bxe7 Rxe7 40. Nef4 Qc7 41. Nxd5 exd5 42. Qxe7 Ne6 43. Rxd5 Rd8 44. Rd6 Qc8 45. Rxe6 fxe6 46. Qxe6+ Kg7 47. Ne5 Nf8 48. Qe7+ Kg8 49. Rxb6 Qxc3 50. Rxg6+ Nxg6 51. Qf7+ 1-0

[Event "Bundesliga 8586"]
[Site "Germany"]
[Date "1986.??.??"]
[Round "?"]
[White "Vatter, Hans Joachim"]
[Black "Neunhoeffer, Helmut"]
[Result "0-1"]
[WhiteElo "2265"]
[BlackElo "2235"]
[PlyCount "94"]
[EventDate "1985.10.??"]
[Source "ChessBase"]
[SourceDate "1999.07.01"]

1. d4 Nf6 2. Nc3 d5 3. Bg5 Bf5 4. f3 Nbd7 5. Nxd5 Nxd5 6. e4 h6 7. Bh4 Ne3 8. Qd3 Nxf1 9. exf5 Nc5 10. Qb5+ c6 11. Qxc5 Ne3 12. Kf2 Nxf5 13. Qxf5 Qxd4+ 14. Kg3 g5 15. Qe4 gxh4+ 16. Kxh4 O-O-O 17. g3 Qxb2 18. Ne2 e6 19. Rab1 Qf6+ 20. Kh3 Bc5 21. Rhd1 Rxd1 22. Rxd1 Rd8 23. Rxd8+ Qxd8 24. Nf4 Qf6 25. Nd3 Bd6 26. f4 Qa1 27. g4 Qxa2 28. Qh7 Qxc2 29. Qg8+ Kc7 30. Qxf7+ Kb6 31. Qg6 Qe2 32. Kg3 Qe3+ 33. Kg2 Bxf4 34. Nxf4 Qxf4 35. Qxe6 a5 36. Qb3+ Ka7 37. h3 a4 38. Qc3 Qe4+ 39. Kg3 Ka6 40. h4 Qd5 41. Qh8 Qd6+ 42. Kf3 a3 43. g5 hxg5 44. hxg5 Qd5+ 45. Kf4 a2 46. g6 Qd2+ 47. Kf5 Qf2+ 0-1

[Event "RUS-Cup"]
[Site "Bor"]
[Date "2000.??.??"]
[Round "8"]
[White "Novgorodskij, Vladimir"]
[Black "Shapfiullin, Ildar"]
[Result "1-0"]
[WhiteElo "2366"]
[BlackElo "2131"]
[PlyCount "31"]
[EventDate "2000.06.??"]
[Source "www.chesslib.no"]
[SourceDate "2004.05.04"]

1. d4 Nf6 2. Nc3 d5 3. Bg5 Bf5 4. f3 Nbd7 5. Nxd5 Nxd5 6. e4 h6 7. Bh4 N7b6 8. exf5 Ne3 9. Qe2 Qxd4 10. Bf2 Nbd5 11. c3 Qe5 12. Rd1 f6 13. Rd3 Nc2+ 14. Kd1 Qxf5 15. Qxc2 O-O-O 16. c4 1-0

[Event "Cataluna-chT"]
[Site "ESP"]
[Date "1999.??.??"]
[Round "5"]
[White "Canal Oliveras, Joan"]
[Black "Serra Pages, Jordi"]
[Result "0-1"]
[WhiteElo "2245"]
[BlackElo "2250"]
[PlyCount "86"]
[EventDate "1999.??.??"]
[Source "www.chesslib.no"]
[SourceDate "2004.05.04"]

1. d4 Nf6 2. Nc3 d5 3. Bg5 Bf5 4. f3 Nbd7 5. Qd2 h6 6. Bh4 c6 7. g4 Bh7 8. Bg3 e6 9. O-O-O Bb4 10. e3 Nb6 11. a3 Bd6 12. Bd3 Bxd3 13. cxd3 Bxg3 14. hxg3 Nfd7 15. f4 Qe7 16. Nf3 O-O-O 17. Kb1 f6 18. Nh4 Rhe8 19. Qc2 Kb8 20. Na4 Nxa4 21. Qxa4 c5 22. Nf3 Nb6 23. Qb5 c4 24. a4 Rc8 25. a5 a6 26. Qxb6 Rc6 27. dxc4 Rxb6 28. axb6 dxc4 29. Rc1 Qb4 30. Rc3 Rc8 31. Nd2 Rc6 32. Rhc1 Qxb6 33. Nxc4 Qd8 34. Nd2 Rxc3 35. bxc3 Qd5 36. e4 Qb5+ 37. Kc2 Qe2 38. g5 fxg5 39. fxg5 a5 40. Rf1 Qe3 41. Rf8+ Ka7 42. Re8 Qxg3 43. Rxe6 h5 0-1

[Event "Wiesbaden op 19th"]
[Site "Wiesbaden"]
[Date "2000.08.27"]
[Round "3"]
[White "Vogler, Tilmann"]
[Black "Steinbacher, Claudia"]
[Result "1-0"]
[WhiteElo "2373"]
[BlackElo "2120"]
[PlyCount "73"]
[EventDate "2000.08.26"]
[Source "www.chesslib.no"]
[SourceDate "2004.05.04"]

1. d4 Nf6 2. Nc3 d5 3. Bg5 Bf5 4. f3 Nbd7 5. Qd2 h6 6. Bxf6 Nxf6 7. O-O-O e6 8. g4 Bg6 9. Nh3 Bb4 10. Nf4 Bh7 11. h4 c6 12. g5 Nd7 13. Rg1 Qa5 14. g6 Bg8 15. gxf7+ Bxf7 16. Rxg7 Nb6 17. Nd3 Bxc3 18. Qxc3 Qxa2 19. Ne5 Rf8 20. Bh3 Nd7 21. Nxd7 Kxd7 22. Kd2 Qa6 23. Rdg1 Rae8 24. Rh7 h5 25. Rgg7 Re7 26. Qe3 Ke8 27. Qe5 Qa5+ 28. c3 Qb6 29. b4 Qd8 30. f4 a6 31. e3 a5 32. bxa5 Qxa5 33. Qb8+ Qd8 34. Qxd8+ Kxd8 35. Bxe6 Rxe6 36. Rxf7 Rfe8 37. Rc7 1-0

[Event "Bayern Ch"]
[Site "Krumbach"]
[Date "1981.??.??"]
[Round "?"]
[White "Keller, Manfred"]
[Black "Meinberger, Leo"]
[Result "1-0"]
[WhiteElo "2255"]
[BlackElo "2230"]
[PlyCount "79"]
[EventDate "1981.??.??"]
[Source "www.chesslib.no"]
[SourceDate "2004.05.04"]

1. d4 Nf6 2. Nc3 d5 3. Bg5 Bf5 4. f3 Nbd7 5. Nxd5 Nxd5 6. e4 Be6 7. exd5 Bxd5 8. c4 Be6 9. Bd3 c6 10. Ne2 Bf5 11. O-O Bxd3 12. Qxd3 g6 13. Rfe1 Bg7 14. Bxe7 Kxe7 15. Qa3+ c5 16. dxc5 Kf8 17. c6+ Kg8 18. cxd7 Qxd7 19. Rad1 Qc7 20. Qb3 h5 21. Nc3 h4 22. Nd5 Qc5+ 23. Kh1 b6 24. Ne7+ Kh7 25. Re4 Qg5 26. c5 f5 27. Re6 bxc5 28. f4 Qxf4 29. Nxg6 Qf2 30. Nxh8 Rxh8 31. Re7 Rd8 32. Rg1 Rd6 33. Qf3 Qc2 34. Qh5+ Rh6 35. Qg5 Rg6 36. Qxh4+ Rh6 37. Qg5 Rg6 38. Qh5+ Rh6 39. Qf7 Rg6 40. Rxa7 1-0

[Event "URS Spartakiada women"]
[Site "Azov"]
[Date "1991.??.??"]
[Round "7"]
[White "Fomina, Tatyana"]
[Black "Efremova, Svetlana"]
[Result "1-0"]
[WhiteElo "2235"]
[BlackElo "2250"]
[PlyCount "61"]
[EventDate "1991.??.??"]
[Source "www.chesslib.no"]
[SourceDate "2004.05.04"]

1. d4 d5 2. Nc3 Nf6 3. Bg5 Bf5 4. f3 Bg6 5. Nh3 c5 6. e3 e6 7. Nf4 Nc6 8. Bb5 Qb6 9. O-O Nd7 10. Ncxd5 exd5 11. Nxd5 Qa5 12. Bxc6 Bd6 13. Bxd7+ Kxd7 14. Bf4 Bxf4 15. Nxf4 Rad8 16. e4 Kc8 17. d5 Rhe8 18. Qe1 Qb6 19. Qe3 f5 20. Ne6 Rd7 21. Qxc5+ Qxc5+ 22. Nxc5 Rc7 23. Ne6 Rd7 24. c4 fxe4 25. fxe4 Bxe4 26. Nc5 Rc7 27. b4 b6 28. d6 bxc5 29. dxc7 cxb4 30. Rae1 g5 31. Re3 1-0

[Event "NOR-tch, OSS"]
[Site "?"]
[Date "1998.??.??"]
[Round "?"]
[White "Johnsen, Sverre"]
[Black "Johannessen, Svein"]
[Result "0-1"]
[WhiteElo "2200"]
[BlackElo "2275"]
[PlyCount "94"]
[EventDate "1998.??.??"]
[Source "www.chesslib.no"]
[SourceDate "2004.05.04"]

1. d4 Nf6 2. Nc3 d5 3. Bg5 Bf5 4. f3 Nbd7 5. Qd2 h6 6. Bh4 c6 7. O-O-O a5 8. Kb1 a4 9. a3 Qa5 10. Be1 Qb6 11. Ka1 e6 12. g4 Bg6 13. e3 Bd6 14. Bg3 Qc7 15. Nh3 Bxg3 16. hxg3 b5 17. Nf4 Bh7 18. Bd3 Bxd3 19. cxd3 g5 20. Nfe2 Qb6 21. e4 c5 22. Qe3 b4 23. Na2 Rb8 24. Rb1 cxd4 25. Qf2 dxe4 26. dxe4 d3 27. Qxb6 Rxb6 28. Nd4 bxa3 29. bxa3 Rxb1+ 30. Kxb1 Ke7 31. Nb4 Ne5 32. Kc1 Rc8+ 33. Kd2 Rc4 34. Ke3 Rc3 35. Nb5 Rb3 36. Rc1 d2+ 37. Kxd2 Rxf3 38. Rc7+ Kf8 39. Nd6 Rxa3 40. Ke2 Rxg3 41. Nc6 Nfxg4 42. Rc8+ Kg7 43. Ne7 Rg2+ 44. Kd1 Ne3+ 45. Kc1 Nd3+ 46. Kb1 Rb2+ 47. Ka1 Nc2+ 0-1

[Event "It (c)"]
[Site "?"]
[Date "2002.??.??"]
[Round "11"]
[White "Polyakova Natalia"]
[Black "Kostic Filip"]
[Result "0-1"]
[WhiteElo "2192"]
[BlackElo "2280"]
[PlyCount "88"]
[EventDate "2002.??.??"]
[Source "www.chesslib.no"]
[SourceDate "2004.05.04"]

1. d4 Nf6 2. Nc3 d5 3. Bg5 Bf5 4. f3 c6 5. Qd2 Nbd7 6. O-O-O b5 7. e4 dxe4 8. Qf4 b4 9. Nxe4 Qa5 10. Bxf6 gxf6 11. Bc4 h5 12. Kb1 Bh6 13. Qh4 Nb6 14. Bb3 Nd5 15. Ne2 O-O-O 16. Bxd5 cxd5 17. Nc5 Qb5 18. Qf2 a5 19. Ng3 Bg6 20. b3 e6 21. h4 Bf4 22. Ne2 Bd6 23. Na4 Kb8 24. Nc1 Rc8 25. Nd3 Bf5 26. Rhg1 Rhg8 27. g3 Rg6 28. f4 Rgg8 29. Ndc5 Ka7 30. Kb2 Rc7 31. Rc1 Rg7 32. Rge1 Rc8 33. Re3 Rgg8 34. Ree1 Rc7 35. Re3 Bg6 36. Ree1 Rgc8 37. Qf3 Bxc5 38. dxc5 Qe8 39. Rcd1 Qh8 40. Qe3 Rc6 41. Qd4 Bf5 42. Rd2 Qg7 43. Re3 Be4 44. c3 e5 0-1